| 000 | 00000nam 2200000zi 4500 |
| 001 | 9.931869 |
| 003 | CaOODSP |
| 005 | 20241118145951 |
| 006 | m o d f |
| 007 | cr |n||||||||| |
| 008 | 231229e199402##quc ob f|0| 0 fre d |
| 040 | |aCaOODSP|bfre|erda|cCaOODSP |
| 043 | |an-cn-qu |
| 086 | 1 |aCW66-1445/1994F-PDF |
| 100 | 1 |aMiqueu, Carole, |eauteur. |
| 245 | 10|aEffet des pratiques agricoles sur l'abondance des passereaux aux Îles de Varennes / |crapport présenté au Service canadien de la faune par Carole Miqueu & Jean-François Giroux. |
| 264 | 1|a[Sainte-Foy, Québec] : |bService canadien de la faune, |cfévrier 1994. |
| 300 | |a1 ressource en ligne (14 pages) |
| 336 | |atexte|btxt|2rdacontent/fre |
| 337 | |ainformatique|bc|2rdamedia/fre |
| 338 | |aressource en ligne|bcr|2rdacarrier/fre |
| 500 | |aÉdition numérisée de l’imprimé [par Environnement et changement climatique Canada]. |
| 504 | |aComprend des références bibliographiques (pages 13-14). |
| 650 | 0|aAgriculture|xEnvironmental aspects|zQuébec (Province) |
| 650 | 0|aPasseriformes|zQuébec (Province) |
| 650 | 6|aAgriculture|xAspect de l'environnement|zQuébec (Province) |
| 650 | 6|aPassériformes|zQuébec (Province) |
| 710 | 2 |aService canadien de la faune, |eorganisme de publication. |
| 856 | 40|qPDF|s554 Ko|uhttps://publications.gc.ca/collections/collection_2024/eccc/cw66/CW66-1445-1994-fra.pdf |